00461 2200181 4500001002100000005001700021008004100038035002400079082000800103090001400111100001700125245003900142260002800181300002000209650002000229990001600249990001400265YOGYA-0612000000008120120603205951.0 ind  0010-061200000000081 a813 a813 Moh D aMOHTAR, Toha aDaerah tidak bertuancToha Mohtar. aJakartabGrasindoc1993 a119 hlm.c21 cm aFiksi Indonesia a112524-P/98 a2862-P/99